• 首页
  • 本馆介绍
  • 公告通知
  • 最新文献
  • 馆藏检索
  • 电子资源
  • 读者荐购
  • 参考咨询
  • CALIS
  • 我的图书馆
  • 登录
  • 详细信息显示
  • 放入我的书架
  • 预约/预借图书
  • 作者相关作品
  • 分类相关作品
  • 丛书相关作品
  • 出版社相关作品

书目信息

  • 表格格式
  • 工作单格式
  • 卡片格式
题名:
两宋党争与文学研究论稿
    
 
作者: 庆振轩 著
分册:  
出版信息: 兰州   甘肃文化出版社  2025.01
页数: 16,371页
开本: 24cm
丛书名:
单 册:
中图分类: I206.44
科图分类:
主题词: 中国文学--古典文学研究--宋代
电子资源:
ISBN: 978-7-5490-3027-9
 
 
 
 
 
000 00928nam0 2200229 450
001 013603454
005 20250925162450.57
010    @a978-7-5490-3027-9@dCNY98.00
100    @a20250513d2025 em y0chiy0120 ea
101 0  @achi
102    @aCN@b620000
105    @ay z 000yy
106    @ar
200 1  @a两宋党争与文学研究论稿@9liang song dang zheng yu wen xue yan jiu lun gao@f庆振轩著
210    @a兰州@c甘肃文化出版社@d2025.01
215    @a16,371页@d24cm
330    @a本书系统研究了两宋时期党争的起因、特点及其与文学之间的内在关系,收录二十余篇文章,从不同的研究视角出发,着重探讨了有宋一代的朋党之争对石介、欧阳修、苏轼、黄庭坚、秦观、陆游、辛弃疾等个人经历与文学创作的重要影响,再现了古代有识之士的君子之争与君子之交的政治素养。
606 0  @a中国文学@x古典文学研究@z宋代
690    @aI206.44@v5
701  0 @a庆振轩@9qing zhen xuan@4著
801  0 @aCN@c20250910
905    @a河南城建学院图书馆@dI206.44@eQ686@ZQ686@f1
    
    两宋党争与文学研究论稿/庆振轩著.-兰州:甘肃文化出版社,2025.01
    16,371页;24cm
    
    
    ISBN 978-7-5490-3027-9:CNY98.00
    本书系统研究了两宋时期党争的起因、特点及其与文学之间的内在关系,收录二十余篇文章,从不同的研究视角出发,着重探讨了有宋一代的朋党之争对石介、欧阳修、苏轼、黄庭坚、秦观、陆游、辛弃疾等个人经历与文学创作的重要影响,再现了古代有识之士的君子之争与君子之交的政治素养。
●
相关链接 在E读中查询图书 在当当中查询图书 在豆瓣中查询图书


正题名:两宋党争与文学研究论稿     索取号:I206.44/Q686         预约/预借

序号 登录号 条形码 馆藏地/架位号 状态 备注
1 1634038   216340387   文学库108/ [索取号:I206.44/Q686] 在馆    
河南城建学院图书馆 欢迎您!
大连网信软件有限公司© 版权所有